Sales and Distribution Management (Record no. 6548)

MARC details
000 -LEADER
fixed length control field 00336nam a2200145Ia 4500
003 - CONTROL NUMBER IDENTIFIER
control field OSt
008 - FIXED-LENGTH DATA ELEMENTS--GENERAL INFORMATION
fixed length control field 191201s2005 xx 000 0 und d
082 ## - DEWEY DECIMAL CLASSIFICATION NUMBER
Classification number 658.81
Item number KHS
100 ## - MAIN ENTRY--PERSONAL NAME
Personal name KHAN, Matin
245 #0 - TITLE STATEMENT
Title Sales and Distribution Management
260 ## - PUBLICATION, DISTRIBUTION, ETC. (IMPRINT)
Place of publication, distribution, etc N. Delhi
Name of publisher, distributor, etc Excel Books
Date of publication, distribution, etc 2005
300 ## - PHYSICAL DESCRIPTION
Extent 350
650 ## - SUBJECT ADDED ENTRY--TOPICAL TERM
Topical term or geographic name as entry element MBA
942 ## - ADDED ENTRY ELEMENTS (KOHA)
Source of classification or shelving scheme Dewey Decimal Classification
Koha item type Text Books
Holdings
Withdrawn status Lost status Source of classification or shelving scheme Damaged status Not for loan Collection code Home library Current library Date acquired Source of acquisition Cost, normal purchase price Bill Number Total Checkouts Full call number Acc. no. / Barcode Date last seen Actual Cost, discounted price Bill Date Koha item type Checked out Date last borrowed Public note
    Dewey Decimal Classification     MBA PIET C-LIBRARY PIET C-LIBRARY 15/06/2016 Excel Books 250.00 TCM/2016/10403   658.81 KHS 28477 04/12/2019 122.44 13/06/2016 Text Books      
    Dewey Decimal Classification     MBA PIET C-LIBRARY PIET C-LIBRARY 15/06/2016 Excel Books 250.00 TCM/2016/10403   658.81 KHS 28478 04/12/2019 122.44 13/06/2016 Text Books      
    Dewey Decimal Classification     MBA PIET C-LIBRARY PIET C-LIBRARY 15/06/2016 Excel Books 250.00 TCM/2016/10403   658.81 KHS 28479 04/12/2019 122.44 13/06/2016 Text Books      
    Dewey Decimal Classification     MBA PIET C-LIBRARY PIET C-LIBRARY 15/06/2016 Excel Books 250.00 TCM/2016/10403 1 658.81 KHS 28480 22/01/2022 122.44 13/06/2016 Text Books 21/07/2022 22/01/2022 .
    Dewey Decimal Classification     MBA PIET C-LIBRARY PIET C-LIBRARY 15/06/2016 Excel Books 250.00 TCM/2016/10403   658.81 KHS 28481 04/12/2019 122.44 13/06/2016 Text Books      
    Dewey Decimal Classification     MBA PIET C-LIBRARY PIET C-LIBRARY 15/06/2016 Excel Books 250.00 TCM/2016/10403   658.81 KHS 28482 04/12/2019 122.44 13/06/2016 Text Books      

Design & Developed by: PIET Central Library
R70 Miles Stone Pattikalyana Samalkha Panipat 132102
mail ID :- [email protected], Phone No:- 0180-2569700 Ex.216